“A Swedish Voltaire” The Life and Afterlife of Ingemar Hedenius, 20th-Century Atheist

Ingemar Hedenius (1908-1982) was a professor of philosophy, and one of Sweden's most famous public intellectuals in the decades following the Second World War. This was primarily due to his 1949 work Tro och vetande (English: Belief and Knowledge) in which he criticized religion, and his subseq...

Full description

Saved in:  
Bibliographic Details
Main Author: Jansson, Anton (Author)
Format: Electronic Article
Language:English
Check availability: HBZ Gateway
Interlibrary Loan:Interlibrary Loan for the Fachinformationsdienste (Specialized Information Services in Germany)
Published: [2018]
In: Secularism and Nonreligion
Year: 2018, Volume: 7, Pages: 1-10
Standardized Subjects / Keyword chains:B Hedenius, Ingemar 1908-1982 / Hedenius, Ingemar 1908-1982, Tro och vetande / Reception
IxTheo Classification:AB Philosophy of religion; criticism of religion; atheism
KBE Northern Europe; Scandinavia
Further subjects:B Ingemar Hedenius
B Sweden
B Atheism
B Intellectual History
B Secularism
Online Access: Volltext (doi)
Volltext (kostenfrei)

MARC

LEADER 00000caa a22000002c 4500
001 1576540103
003 DE-627
005 20230307153757.0
007 cr uuu---uuuuu
008 180619s2018 xx |||||o 00| ||eng c
024 7 |a 10.5334/snr.98  |2 doi 
035 |a (DE-627)1576540103 
035 |a (DE-576)506540103 
035 |a (DE-599)BSZ506540103 
040 |a DE-627  |b ger  |c DE-627  |e rda 
041 |a eng 
084 |a 0  |2 ssgn 
100 1 |a Jansson, Anton  |e VerfasserIn  |4 aut 
245 1 0 |a “A Swedish Voltaire” The Life and Afterlife of Ingemar Hedenius, 20th-Century Atheist  |c Anton Jansson 
264 1 |c [2018] 
336 |a Text  |b txt  |2 rdacontent 
337 |a Computermedien  |b c  |2 rdamedia 
338 |a Online-Ressource  |b cr  |2 rdacarrier 
520 |a Ingemar Hedenius (1908-1982) was a professor of philosophy, and one of Sweden's most famous public intellectuals in the decades following the Second World War. This was primarily due to his 1949 work Tro och vetande (English: Belief and Knowledge) in which he criticized religion, and his subsequent activity in the promotion of atheism and criticism of the relationship between church and state. This article engages with Hedenius's life and works, but has a particular focus on his “afterlife”. The article utilizes theories of cultural memory to examine how Hedenius has been remembered since his death. I argue that Hedenius and his Tro och vetande in Sweden have taken the role of a node, or inescapable orientation point, of discussions of atheism, belief and knowledge, and the validity of Christian truths. Hedenius's memory continues to loom large over religion and nonreligion in Sweden to this day. The material used as primary sources in this article include scholarly works of philosophy, theology and history, by renowned Swedish academics, but it also contains interpretations of Hedenius in the wider public debate, not least as expressed by the Swedish Humanist Association, who regard him as a main inspiration for their activities. 
601 |a Voltaire 
650 4 |a Atheism 
650 4 |a Ingemar Hedenius 
650 4 |a Intellectual History 
650 4 |a Secularism 
650 4 |a Sweden 
652 |a AB:KBE 
689 0 0 |d p  |0 (DE-588)118901443  |0 (DE-627)079677878  |0 (DE-576)161346111  |2 gnd  |a Hedenius, Ingemar  |d 1908-1982 
689 0 1 |d u  |0 (DE-588)1179501713  |0 (DE-627)1067401881  |0 (DE-576)518270823  |a Hedenius, Ingemar  |2 gnd  |d 1908-1982  |t Tro och vetande 
689 0 2 |d s  |0 (DE-588)4049716-1  |0 (DE-627)104675152  |0 (DE-576)209083182  |2 gnd  |a Rezeption 
689 0 |5 (DE-627) 
773 0 8 |i Enthalten in  |t Secularism and Nonreligion  |d Tampa, Fla. : [Verlag nicht ermittelbar], 2012  |g 7(2018), Artikel-ID 4, Seite 1-10  |h Online-Ressource  |w (DE-627)688083390  |w (DE-600)2653698-5  |w (DE-576)360558348  |x 2053-6712  |7 nnas 
773 1 8 |g volume:7  |g year:2018  |g elocationid:4  |g pages:1-10 
856 |u http://www.secularismandnonreligion.org/articles/10.5334/snr.98/galley/111/download/  |x unpaywall  |z Vermutlich kostenfreier Zugang  |h publisher [deprecated] 
856 4 0 |u http://www.secularismandnonreligion.org/articles/10.5334/snr.98/  |x Verlag  |z kostenfrei  |3 Volltext  |7 0 
856 |u https://doi.org/10.5334/snr.98  |x doi  |3 Volltext 
951 |a AR 
ELC |a 1 
LOK |0 000 xxxxxcx a22 zn 4500 
LOK |0 001 3013052627 
LOK |0 003 DE-627 
LOK |0 004 1576540103 
LOK |0 005 20190225175248 
LOK |0 008 180619||||||||||||||||ger||||||| 
LOK |0 040   |a DE-Tue135  |c DE-627  |d DE-Tue135 
LOK |0 092   |o n 
LOK |0 852   |a DE-Tue135 
LOK |0 852 1  |9 00 
LOK |0 935   |a ixzs  |a ixzo 
LOK |0 936ln  |0 1442042990  |a AB 
LOK |0 936ln  |0 1442044780  |a KBE 
LOK |0 939   |a 19-06-18  |b l01 
OAS |a 1 
ORI |a SA-MARC-ixtheoa001.raw 
REL |a 1 
STA 0 0 |a Reception,Reception,Impact,Afterlife 
STB 0 0 |a Réception <scientifique>,Réception <scientifique>,Influence intellectuelle,Influence intellectuelle,Influence intellectuelle (motif),Influence intellectuelle 
STC 0 0 |a Recepción,Recepción 
STD 0 0 |a Ricezione,Ricezione 
STE 0 0 |a 接受,接收 
STF 0 0 |a 接受,接收 
STG 0 0 |a Recepção,Recepção 
STH 0 0 |a Восприятие (мотив),Восприятие 
STI 0 0 |a Αποδοχή (μοτίβο),Αποδοχή 
SUB |a REL 
SYG 0 0 |a Hedenius, Per Arvid Ingemar,1908-1982 , Hedenius, Ingemar,1908-1982,Belief and knowledge , Fortwirken,Nachwirkung,Nachleben,Wirkungsgeschichte,Aneignung